| 000 | 00351nam a22001457a 4500 | ||
|---|---|---|---|
| 003 | OSt | ||
| 005 | 20160727222359.0 | ||
| 008 | 160623b xxu||||| |||| 00| 0 eng d | ||
| 040 | _cTest | ||
| 100 |
_9641 _aCloskey, R. Mc |
||
| 245 | _aOne Morning In Maine | ||
| 260 |
_a moscow _b Puffin Book _c1976 |
||
| 300 | _aOne Morning In Maine | ||
| 942 |
_2ddc _cBK |
||
| 999 |
_c523 _d523 |
||